| 000 | 00603nam a2200241 a 4500 | ||
|---|---|---|---|
| 001 | nice12345678 | ||
| 003 | IN_TiNIC | ||
| 005 | 20260116012256.0 | ||
| 008 | 050524s1970 dura grp 000 0 eng | ||
| 020 |
_a0822333 _c637 |
||
| 082 | 0 | 0 |
_a200.1 _bPAT |
| 100 | _aPatterson, Robert Leet | ||
| 245 | _aPhilosophy of Religion | ||
| 260 |
_aDurham _bDuke University Press _c1970 |
||
| 300 | _a571p | ||
| 500 | _aincludes index and biblioraphy | ||
| 505 | 2 | _aIndex | |
| 650 | _aReligion-Philosophy | ||
| 700 | 1 | _aPatterson, Robert Leet | |
| 902 | _bSRS | ||
| 942 | _cBK | ||
| 999 |
_c6352 _d6352 |
||